000 nam a22 7a 4500
999 _c9964
_d9964
008 180209b ||||| |||| 00| 0 eng d
100 _aStimson, J
_96019
245 _aThe three billyhoats grufy
260 _aLondon
_bLadybird Publication
_c1993